000 01154nam0a22002771 4500
001 rc\2991692
005 20250806211544.0
035 _a(NLR Aleph) 007135743
090 _a67186
_c67186
100 _a20110915d1945 u y0rusy50 ca
101 0 _arus
102 _aRU
105 _aba j |||||
200 1 _aФизическая география
_eУчебник для 5-го класса семилет. и сред. школы
_eУтв. НКП РСФСР
_fА.С. Барков и А.А. Половинкин
205 _a9-е изд.
210 _aМосква
_cУчпедгиз
_d1945
_gОбразцовая тип.
215 _a116 с., 2 л. карт.
_cил., карт.
_d22 см
700 1 _aБарков
_bА.С.
_f1873-1953
_gАлександр Сергеевич
701 1 _aПоловинкин
_bА. А.
_cд-р геогр. наук
_f1887-1955
_gАлександр Александрович
_3RU\NLR\AUTH\77113672
_4070
801 0 _aRU
_bNLR
_gpsbo
801 1 _aRU
_bELAR
_2rusmarc
852 _aNLR
_jГ02 Г-5/22
942 _cBOOK
945 _aРоссийская национальная библиотека
980 _aNB
980 _aBV